Russia Players Biggest Transfers - Statistics

General Stats
  • This quiz has been taken 36 times
  • The average score is 42 of 239
Answer Stats
Player From Joined % Correct
AM Aleksandr Golovin 18/19 CSKA Moscow Monaco
91%
LW Andrey Arshavin 08/09 Zenit Arsenal
88%
LW Andrey Arshavin 11/12 Arsenal Zenit
88%
ST Artem Dzyuba 14/15 Spartak Moscow Rostov
72%
LB Yuriy Zhirkov 09/10 CSKA Moscow Chelsea
72%
LB Yuriy Zhirkov 11/12 Chelsea Anzhi Makhachkala
72%
LB Yuriy Zhirkov 13/14 Anzhi Makhachkala Dynamo Moscow
72%
LW Denis Cheryshev 16/17 Real Madrid Villarreal
66%
LW Denis Cheryshev 19/20 Villarreal Valencia
66%
RB Mario Fernandes 12/13 Gremio CSKA Moscow
59%
ST Roman Pavlyuchenko 08/09 Spartak Moscow Tottenham Hotspur
56%
ST Roman Pavlyuchenko 11/12 Tottenham Hotspur Lokomotiv Moscow
56%
ST Aleksandr Kerzhakov 07/08 Sevilla Dynamo Moscow
47%
ST Aleksandr Kerzhakov 09/10 Dynamo Moscow Zenit
47%
ST Aleksandr Kerzhakov 06/07 Zenit Sevilla
47%
SS Aleksandr Kokorin 13/14 Anzhi Makhachkala Dynamo Moscow
47%
SS Aleksandr Kokorin 13/14 Dynamo Moscow Anzhi Makhachkala
47%
SS Aleksandr Kokorin 20/21 Spartak Moscow Fiorentina
47%
SS Aleksandr Kokorin 15/16 Dynamo Moscow Zenit
47%
ST Fedor Smolov 18/19 Krasnodar Lokomotiv Moscow
47%
AM Aleksey Miranchuk 20/21 Lokomotiv Moscow Atalanta
44%
RM Andrey Kanchelskis 96/97 Everton Fiorentina
44%
RM Andrey Kanchelskis 95/96 Manchester United Everton
44%
RM Andrey Kanchelskis 98/99 Fiorentina Rangers
44%
RM Andrey Kanchelskis 91/92 Shakhtar Donetsk Manchester United
44%
ST Pavel Pogrebnyak 06/07 Tom Tomsk Zenit
41%
ST Pavel Pogrebnyak 09/10 Zenit Stuttgart
41%
ST Pavel Pogrebnyak 05/06 Spartak Moscow Tom Tomsk
41%
DM Igor Denisov 13/14 Anzhi Makhachkala Dynamo Moscow
38%
DM Igor Denisov 13/14 Zenit Anzhi Makhachkala
38%
DM Aleksey Smertin 03/04 Bordeaux Chelsea
31%
DM Aleksey Smertin 00/01 Lokomotiv Moscow Bordeaux
31%
DM Aleksey Smertin 05/06 Chelsea Dynamo Moscow
31%
AM Arsen Zakharyan 23/24 Dynamo Moscow Real Sociedad
31%
RB Aleksandr Anyukov 05/06 Krylya Sovetov Zenit
28%
AM Aleksandr Mostovoy 96/97 Strasbourg Celta Vigo
28%
LB Andrey Ivanov 10/11 Spartak Moscow Lokomotiv Moscow
28%
AM Diniyar Bilyaletdinov 09/10 Lokomotiv Moscow Everton
28%
AM Diniyar Bilyaletdinov 11/12 Everton Spartak Moscow
28%
CM Sergey Semak 05/06 Paris Saint-Germain FC Moscow
28%
CM Sergey Semak 04/05 CSKA Moscow Paris Saint-Germain
28%
CM Sergey Semak 10/11 Rubin Kazan Zenit
28%
CM Sergey Semak 07/08 FC Moscow Rubin Kazan
28%
RM Valeriy Karpin 96/97 Real Sociedad Valencia
28%
RM Valeriy Karpin 97/98 Valencia Celta Vigo
28%
RW Aleksandr Samedov 12/13 Dynamo Moscow Lokomotiv Moscow
25%
RW Aleksandr Samedov 09/10 FC Moscow Dynamo Moscow
25%
RW Aleksandr Samedov 05/06 Spartak Moscow Lokomotiv Moscow
25%
RW Aleksandr Samedov 16/17 Lokomotiv Moscow Spartak Moscow
25%
RW Aleksandr Samedov 08/09 Lokomotiv Moscow FC Moscow
25%
GK Andrey Lunev 16/17 Ufa Zenit
25%
CM Denis Glushakov 13/14 Lokomotiv Moscow Spartak Moscow
25%
CM Dmitriy Alenichev 98/99 Spartak Moscow Roma
25%
CM Dmitriy Alenichev 00/01 Roma Porto
25%
CM Dmitriy Alenichev 04/05 Porto Spartak Moscow
25%
LB Dmitriy Kombarov 10/11 Dynamo Moscow Spartak Moscow
25%
RB Kirill Kombarov 10/11 Dynamo Moscow Spartak Moscow
25%
RM Vladimir Bystrov 09/10 Spartak Moscow Zenit
25%
RM Vladimir Bystrov 05/06 Zenit Spartak Moscow
25%
DM Daniil Fomin 20/21 Ufa Dynamo Moscow
22%
ST Dmitriy Sychev 03/04 Marseille Lokomotiv Moscow
22%
ST Dmitriy Sychev 02/03 Spartak Moscow Marseille
22%
AM Marat Izmailov 08/09 Lokomotiv Moscow Sporting CP
22%
AM Marat Izmailov 12/13 Sporting CP Porto
22%
ST Oleg Salenko 95/96 Valencia Rangers
22%
ST Oleg Salenko 94/95 Logrones Valencia
22%
AM Oleg Shatov 13/14 Anzhi Makhachkala Zenit
22%
AM Oleg Shatov 11/12 Ural Anzhi Makhachkala
22%
AM Oleg Shatov 17/18 Zenit Krasnodar
22%
RB Vyacheslav Karavaev 19/20 Vitesse Zenit
22%
RB Vyacheslav Karavaev 17/18 Sparta Prague Vitesse
22%
RB Vyascheslav Karavaev 16/17 CSKA Moscow Sparta Prague
22%
CM Daler Kuzyaev 17/18 Akhmat Grozny Zenit
19%
CM Igor Semshov 08/09 Dynamo Moscow Zenit
19%
CM Igor Semshov 09/10 Zenit Dynamo Moscow
19%
CM Igor Semshov 05/06 Torpedo Moscow Dynamo Moscow
19%
RB Igor Smolnikov 13/14 Krasnodar Zenit
19%
RB Igor Smolnikov 12/13 Rostov Krasnodar
19%
CM Konstantin Zyryanov 06/07 Torpedo Moscow Zenit
19%
ST Vladimir Beschastnykh 96/97 Werder Bremen Racing Santander
19%
RW Aleksey Ionov 13/14 Kuban Krasnodar Anzhi Makhachkala
16%
RW Aleksey Ionov 13/14 Anzhi Makhachkala Dynamo Moscow
16%
RW Aleksey Ionov 20/21 Rostov Krasnodar
16%
CB Georgiy Dzhikiya 16/17 Amkar Perm Spartak Moscow
16%
CM Georgiy Gabulov 11/12 Alania Vladikavkaz Anzhi Makhachkala
16%
CM Georgiy Gabulov 12/13 Anzhi Makhachkala Alania Vladikavkaz
16%
LW Igor Kolyvanov 91/92 Dynamo Moscow Foggia
16%
CM Magomed Ozdoev 17/18 Rubin Kazan Zenit
16%
CM Roman Zobnin 16/17 Dynamo Moscow Spartak Moscow
16%
GK Vladimir Gabulov 13/14 Anzhi Makhachkala Dynamo Moscow
16%
GK Vladimir Gabulov 11/12 Dynamo Moscow Anzhi Makhachkala
16%
GK Vladimir Gabulov 08/09 Kuban Krasnodar Dynamo Moscow
16%
GK Vladimir Gabulov 06/07 CSKA Moscow Kuban Krasnodar
16%
CM Aleksandr Kovalenko 23/24 Sochi Zenit
13%
GK Aleksandr Selikhov 16/17 Amkar Perm Spartak Moscow
13%
ST Aleksandr Sobolev 20/21 Krylya Sovetov Spartak Moscow
13%
ST Anton Zabolotnyi 17/18 Tosno Zenit
13%
ST Ari 07/08 Kalmar AZ Alkmaar
13%
ST Ari 09/10 AZ Alkmaar Spartak Moscow
13%
RB Arsen Adamov 21/22 Ural Zenit
13%
GK Denis Adamov 23/24 Sochi Zenit
13%
ST Dmitriy Bulykin 08/09 Bayer Leverkusen Anderlecht
13%
ST Dmitriy Kirichenko 06/07 FC Moscow Saturn Ramenskoe
13%
ST Gamid Agalarov 22/23 Ufa Akhmat Grozny
13%
GK Guilherme 07/08 Athletico Paranaense Lokomotiv Moscow
13%
CB Igor Diveev 19/20 Ufa CSKA Moscow
13%
AM Igor Shalimov 92/93 Foggia Inter Milan
13%
AM Igor Shalimov 96/97 Udinese Bologna
13%
AM Igor Shalimov 98/99 Bologna Napoli
13%
RW Ivan Saenko 08/09 Nuremberg Spartak Moscow
13%
LB Konstantin Rausch 17/18 Koln Dynamo Moscow
13%
ST Maksim Glushenkov 22/23 Krylya Sovetov Lokomotiv Moscow
13%
ST Maksim Glushenkov 22/23 Spartak Moscow Krylya Sovetov
13%
ST Maksim Kanunnikov 14/15 Amkar Perm Rubin Kazan
13%
ST Maksim Kanunnikov 12/13 Zenit Amkar Perm
13%
ST Nikolay Komlichenko 19/20 Mlada Boleslav Dynamo Moscow
13%
ST Nikolay Komlichenko 22/23 Dynamo Moscow Rostov
13%
RM Rolan Gusev 01/02 Dynamo Moscow CSKA Moscow
13%
ST Roman Adamov 08/09 FC Moscow Rubin Kazan
13%
GK Sergey Ovchinnikov 99/00 Benfica Alverca
13%
GK Sergey Ovchinnikov 97/98 Lokomotiv Moscow Benfica
13%
LM Alan Gatagov 11/12 Lokomotiv Moscow Dynamo Moscow
9%
LW Alan Kasaev 14/15 Rubin Kazan Lokomotiv Moscow
9%
LW Alan Kasaev 09/10 Kuban Krasnodar Rubin Kazan
9%
ST Aleksandr Bukharov 10/11 Rubin Kazan Zenit
9%
GK Aleksandr Makarov 07/08 Krylya Sovetov Saturn Ramenskoe
9%
ST Aleksandr Panov 00/01 Zenit Saint-Etienne
9%
ST Aleksey Medvedev 10/11 Sibir Nobosibirsk Rubin Kazan
9%
LW Anton Zinkovskiy 22/23 Krylya Sovetov Spartak Moscow
9%
CM Daniil Utkin 22/23 Krasnodar Rostov
9%
CB Denis Kolodin 05/06 Krylya Sovetov Dynamo Moscow
9%
CB Denis Kolodin 03/04 Uralan Elista Krylya Sovetov
9%
RM Denis Makarov 21/22 Rubin Kazan Dynamo Moscow
9%
CB Dmitriy Chistyakov 21/22 Rostov Zenit
9%
CM Dmitriy Khokhlov 99/00 PSV Real Sociedad
9%
RM Dmitriy Kuznetsov 91/92 CSKA Moscow Espanyol
9%
LW Dmitriy Poloz 19/20 Zenit Sochi
9%
CB Egor Sorokin 19/20 Rubin Kazan Krasnodar
9%
LB Elmir Nabiullin 17/18 Rubin Kazan Zenit
9%
LB Elmir Nabiullin 19/20 Zenit Sochi
9%
DM Evgeniy Aldonin 03/04 Rotor Volgograd CSKA Moscow
9%
LB Evgeniy Chernov 20/21 Rostov Krasnodar
9%
CB Fedor Kudryashov 15/16 Terek Grozny Rostov
9%
ST Igor Portnyagin 16/17 Rubin Kazan Lokomotiv Moscow
9%
GK Ilya Abaev 13/14 Volga Nizhniy Novgorod Lokomotiv Moscow
9%
RB Oleg Kuzmin 10/11 Lokomotiv Moscow Rubin Kazan
9%
RB Oleg Kuzmin 08/09 FC Moscow Lokomotiv Moscow
9%
CM Pavel Mamaev 13/14 CSKA Moscow Krasnodar
9%
CM Pavel Mamaev 07/08 Torpedo Moscow CSKA Moscow
9%
LB Renat Yanbaev 07/08 Kuban Krasnodar Lokomotiv Moscow
9%
AM Rifat Zhemaletdinov 18/19 Rubin Kazan Lokomotiv Moscow
9%
LW Sergey Pinyaev 22/23 Krylya Sovetov Lokomotiv Moscow
9%
GK Stanislav Kritsyuk 16/17 Braga Krasnodar
9%
GK Stanislav Kritsyuk 21/22 Gil Vicente Zenit
9%
CM Viktor Faizulin 07/08 Spartak Nalchik Zenit
9%
CM Vladislav Radimov 96/97 CSKA Moscow Real Zaragoza
9%
CM Vladislav Radimov 02/03 Krylya Sovetov Zenit
9%
CB Yuriy Nikiforov 98/99 Sporting Gijon PSV
9%
CB Yuriy Nikiforov 96/97 Spartak Moscow Sporting Gijon
9%
CB Aleksandr Belozerov 03/04 Lada Togliatti Spartak Moscow
6%
RW Aleksandr Lomovitskiy 21/22 Spartak Moscow Rubin Kazan
6%
CM Aleksandr Pavlenko 10/11 Spartak Moscow Terek Grozny
6%
CB Aleksandr Sheshukov 08/09 Luch Vladivostok FC Moscow
6%
CB Aleksandr Sheshukov 13/14 Rostov Lokomotiv Moscow
6%
RW Aleksandr Tashaev 18/19 Dynamo Moscow Spartak Moscow
6%
CB Aleksey Bugaev 04/05 Torpedo Moscow Lokomotiv Moscow
6%
CM Aleksey Rebko 09/10 FC Moscow Dynamo Moscow
6%
RW Aleksey Sutormin 19/20 Rubin Kazan Zenit
6%
RW Aleksey Sutormin 19/20 Orenburg Rubin Kazan
6%
LW Andrey Karyaka 07/08 Benfica Saturn Ramenskoe
6%
LW Andrey Karyaka 05/06 Krylya Sovetov Benfica
6%
CM Anton Sosnin 11/12 Krylya Sovetov Kuban Krasnodar
6%
RB Arseniy Logashov 13/14 Anzhi Makhachkala Lokomotiv Moscow
6%
CM Ayaz Guliev 18/19 Rostov Spartak Moscow
6%
LW Daniil Lesovoy 20/21 Arsenal Tula Dynamo Moscow
6%
LB Danil Krugovoy 19/20 Ufa Zenit
6%
CM Danil Prutsev 21/22 Krylya Sovetov Spartak Moscow
6%
LW Denis Laktionov 02/03 Suwon Bluewings Seongnam Ilhwa
6%
GK Dmitriy Khomich 09/10 Spartak Moscow Alania Vladikavkaz
6%
AM Dmitriy Loskov 07/08 Lokomotiv Moscow Saturn Ramenskoe
6%
ST Dmitriy Radchenko 95/96 Racing Santander Deportivo La Coruna
6%
ST Dmitriy Radchenko 93/94 Spartak Moscow Racing Santander
6%
LB Dmitriy Skopintsev 18/19 Rostov Krasnodar
6%
LB Dmitriy Skopintsev 19/20 Krasnodar Dynamo Moscow
6%
RB Dmitriy Stotskiy 18/19 Ufa Krasnodar
6%
RB Dmitriy Zhivoglyadov 19/20 Ufa Lokomotiv Moscow
6%
LB Georgiy Tigiev 17/18 Anzhi Makhachkala Spartak Moscow
6%
AM Igor Dobrovolskiy 90/91 Dynamo Moscow Genoa
6%
CM Igor Ledyakhov 94/95 Spartak Moscow Sporting Gijon
6%
ST Ivan Ignatjev 19/20 Krasnodar Rubin Kazan
6%
CB Ivan Novoseltsev 19/20 Zenit Sochi
6%
CB Ivan Novoseltsev 16/17 Rostov Zenit
6%
AM Ivan Oblyakov 18/19 Ufa CSKA Moscow
6%
ST Ivan Sergeev 21/22 Krylya Sovetov Zenit
6%
CB Ivan Taranov 07/08 CSKA Moscow Krylya Sovetov
6%
GK Ivan Zlobin 20/21 Benfica Famalicao
6%
LW Joaozinho 10/11 Levski Sofia Krasnodar
6%
SS Kirill Panchenko 17/18 CSKA Moscow Dynamo Moscow
6%
DM Konstantin Maradishvili 21/22 CSKA Moscow Lokomotiv Moscow
6%
CB Mark Mampassi 21/22 Shakhtar Donetsk Lokomotiv Moscow
6%
CM Pavel Mogilevets 17/18 Rostov Rubin Kazan
6%
CB Renat Sabitov 10/11 Spartak Moscow Tom Tomsk
6%
LW Reziuan Mirzov 19/20 Rostov Spartak Moscow
6%
ST Sergey Davydov 11/12 Kuban Krasnodar Rubin Kazan
6%
CB Taras Burlak 13/14 Lokomotiv Moscow Rubin Kazan
6%
CM Viktor Budyanskiy 07/08 Juventus Udinese
6%
CB Vitaliy Lystsov 20/21 Krylya Sovetov Lokomotiv Moscow
6%
ST Vladimir Iljin 21/22 Akhmat Grozny Krasnodar
6%
ST Vladimir Pisarskiy 22/23 Orenburg Krylya Sovetov
6%
RB Vladislav Ignatjev 12/13 Lokomotiv Moscow Krasnodar
6%
CM Vladislav Kulik 13/14 Kuban Krasnodar Rubin Kazan
6%
ST Vladislav Sarveli 22/23 Krylya Sovetov Sochi
6%
ST Vladislav Sarveli 23/24 Sochi Lokomotiv Moscow
6%
ST Aleksandr Danishevski 05/06 Khimki Torpedo Moscow
3%
GK Aleksandr Filtsov 13/14 Lokomotiv Moscow Krasnodar
3%
CB Aleksandr Orekhov 07/08 Kuban Krasnodar Rubin Kazan
3%
RB Andrey Eshchenko 12/13 Lokomotiv Moscow Anzhi Makhachkala
3%
RB Andrey Eshchenko 05/06 Khimki Dynamo Moscow
3%
LB Daniil Khlusevich 21/22 Arsenal Tula Spartak Moscow
3%
RB Denis Terentjev 17/18 Rostov Zenit
3%
LM Dmitriy Shukov 99/00 Vitesse Willem II
3%
ST Evgeniy Savin 07/08 Amkar Perm Krylya Sovetov
3%
CB Ilya Agapov 22/23 Pari Nizhny Novgorod CSKA Moscow
3%
CM Ilya Maksimov 13/14 Krylya Sovetov Anzhi Makhachkala
3%
CM Ilya Maksimov 12/13 Volga Nizhniy Novgorod Krylya Sovetov
3%
LB Inal Getigezhev 13/14 Rostov Rubin Kazan
3%
CB Ivan Kuzmichev 22/23 Ural Lokomotiv Moscow
3%
RB Maksim Nenakhov 21/22 Akhmat Grozny Lokomotiv Moscow
3%
RW Oleg Samsonov 11/12 Krylya Sovetov Krasnodar
3%
CM Roman Vorobjov 07/08 Khimki Saturn Ramenskoe
3%
LB Sergey Budylin 06/07 Torpedo Moscow Rubin Kazan
3%
LB Sergey Budylin 07/08 Rubin Kazan Krylya Sovetov
3%
AM Sergey Tkachev 19/20 CSKA Moscow Arsenal Tula
3%
AM Sergey Tkachev 15/16 Lokomotiv Moscow Kuban Krasnodar
3%
AM Shamil Lakhiyalov 10/1 Krasnodar Anzhi Makhachkala
3%
CB Vyacheslav Litvinov 23/24 Krasnodar Sochi
3%
CB Yuriy Zhuravlev 22/23 Akhmat Grozny Torpedo Moscow
3%
CB Yuriy Zhuravlev 22/23 Ufa Akhmat Grozny
3%
LB Zaurbek Pliev 19/20 Akhmat Grozny Dynamo Moscow
3%
No matching quizzes found
Score Distribution
Percent of People with Each Score
Percentile by Number Answered
Your Score History
You have not taken this quiz